000
00303nam a22001337a 4500
008
170622b xxu||||| |||| 00| 0 eng d
020
_a
9780495007500
041
_a
eng
080
_2
2ND
_a
32
100
_a
21
101
_a
SHP
245
_a
THE POLITICS OF THE MIDDLE EAST
_c
PALMER.M
942
_2
udc
_c
BK
999
_c
18743
_d
18743